000
00305nam a22001457a 4500
008
210309b ||||| |||| 00| 0 eng d
020
_a
bk4029h
041
_a
eng
080
_a
575
082
_2
575
100
_a
5
101
_a
BIO
245
_a
Biochemistry and Medical Genetics
942
_2
udc
_c
BK
999
_c
56064
_d
56064